000 00661nam a2200157 a 4500
001 000002313
005 20200929150201.0
008 090701s2008 dr a r 000 0 spa d
020 _z978927532177
040 _aDO-SdBNP
_bspa
_cBNPHU
245 0 0 _aEvaluación de la respuesta del sistema nacional de salud al VIH en la República Dominicana :
_buna herramienta política, gerencial y técnica para avanzar hacia el acceso universal.
260 _aWashington, D. C. :
_bOrganización Panamericana de la Salud,
_c2008.
300 _a93 p. :
_bil. ;
_c28 cm.
500 _aIncluye índice
500 _aIncluye referencias bibliográficas y notas al pie de las páginas
999 _c2158
_d2158